| 000 | 01609nam a2200349 c 4500 | ||
|---|---|---|---|
| 003 | BLK | ||
| 005 | 20180422105406.0 | ||
| 008 | 180409b bul|||||r ||||||| ||bul|| | ||
| 010 | _aKNG00106353000 | ||
| 040 | _aBLK | ||
| 041 |
_aBUL _cBUL |
||
| 080 |
_aГеография на Европа _b913(4) _x(035) _z913(4)(035) |
||
| 080 |
_aЗабавно пътуване. Туризъм - пътуване пеша, с кола, колело, автобус, влак, параход, самолет, изкачване на планина, ездене и др. п. _b379.85 _x(4)(035) _z379.85(4)(035) |
||
| 100 | 1 |
_aХристова, Надежда _eпърви автор _gАлексова, Бистра Спасова _9372778 |
|
| 700 | 1 |
_aНайденов, Мирослав _eсъавт. _9374754 |
|
| 139 |
_aХристова, Надежда и др. _bХ 79 |
||
| 245 | 1 | 0 |
_aЕвропа _bТурист. справочник _cНадежда Христова; съавт. Мирослав Найденов. |
| 257 | _aBGR | ||
| 260 |
_аСофия _bArte nouo _c2003 _fСофия : Миско принт |
||
| 300 |
_a256 с. _bс табл. _c24 см |
||
| 380 | _a91 | ||
| 650 | 4 |
_aЕвропа - справочници _9253467 |
|
| 650 | 4 |
_aТуризъм, международен - Европа _9308772 |
|
| 653 | _aтуристическо обслужване | ||
| 653 | _aЕвропа | ||
| 653 | _aтуристически забележителности | ||
| 852 | _aЦб 214977 | ||
| 856 | 4 |
_qpdf _u |
|
| 856 | 4 |
_qpdf _u |
|
| 942 |
_cKNG _n0 |
||
| 944 |
_aCR _c01.01.2003 _kГеновева_Генчева |
||
| 944 |
_aED _c15.04.2004 _k |
||
| 999 |
_c101310 _d101310 |
||